Flaggen aller Staaten (alphabetische Reihenfolge) - Statistiken

Allgemein
  • Dieses Quiz wurde 15 mal gespielt
  • Das Durchschnittsergebnis liegt bei 174 aus 196
Antwortstatistiken
Bildquiz Antwort % Korrekt
Ägypten
100%
Albanien
100%
Algerien
100%
Angola
100%
Argentinien
100%
Armenien
100%
Aserbaidschan
100%
Äthiopien
100%
Australien
100%
Bahrain
100%
Bangladesch
100%
Belgien
100%
Afghanistan
92%
Andorra
92%
Äquatorial-Guinea
92%
Bahamas
92%
Barbados
92%
Belarus
92%
Bhutan
92%
Bosnien und Herzegowina
92%
Botswana
92%
Brasilien
92%
Brunei
92%
Bulgarien
92%
Chile
92%
China
92%
Costa Rica
92%
Dänemark
92%
Demokratische Republik Kongo
92%
Deutschland
92%
Dominikanische Republik
92%
Ecuador
92%
Elfenbeinküste
92%
Eritrea
92%
Estland
92%
Eswatini
92%
Fidschi
92%
Finnland
92%
Frankreich
92%
Georgien
92%
Grenada
92%
Griechenland
92%
Guyana
92%
Haiti
92%
Honduras
92%
Indien
92%
Indonesien
92%
Irak
92%
Iran
92%
Irland
92%
Island
92%
Israel
92%
Italien
92%
Jamaika
92%
Japan
92%
Jemen
92%
Jordanien
92%
Kambodscha
92%
Kamerun
92%
Kanada
92%
Kap Verde
92%
Kasachstan
92%
Katar
92%
Kenia
92%
Kirgisistan
92%
Kiribati
92%
Kolumbien
92%
Kosovo
92%
Kroatien
92%
Laos
92%
Lettland
92%
Libanon
92%
Liberia
92%
Liechtenstein
92%
Luxemburg
92%
Malaysia
92%
Malediven
92%
Mali
92%
Malta
92%
Marokko
92%
Marshallinseln
92%
Mauretanien
92%
Mauritius
92%
Mexiko
92%
Moldawien
92%
Monaco
92%
Mongolei
92%
Mosambik
92%
Namibia
92%
Nepal
92%
Neuseeland
92%
Niederlande
92%
Niger
92%
Nigeria
92%
Nordkorea
92%
Nordmazedonien
92%
Norwegen
92%
Oman
92%
Österreich
92%
Pakistan
92%
Palau
92%
Panama
92%
Papua-Neuguinea
92%
Polen
92%
Portugal
92%
Rumänien
92%
Russland
92%
San Marino
92%
Saudi-Arabien
92%
Schweden
92%
Schweiz
92%
Serbien
92%
Seychellen
92%
Sierra Leone
92%
Simbabwe
92%
Singapur
92%
Slowakei
92%
Slowenien
92%
Somalia
92%
Spanien
92%
Südafrika
92%
Sudan
92%
Südkorea
92%
Südsudan
92%
Tadschikistan
92%
Thailand
92%
Tschad
92%
Tschechien
92%
Tunesien
92%
Türkei
92%
Turkmenistan
92%
Tuvalu
92%
Uganda
92%
Ukraine
92%
Ungarn
92%
Uruguay
92%
Vatikanstadt
92%
Venezuela
92%
Vereinigtes Königreich
92%
Vereinigte Staaten
92%
Vietnam
92%
Zentralafrikanische Republik
92%
Zypern
92%
Belize
83%
Benin
83%
Bolivien
83%
Burkina Faso
83%
Burundi
83%
Föderierte Staaten von Mikronesien
83%
Gabun
83%
Ghana
83%
Guatemala
83%
Guinea
83%
Guinea-Bissau
83%
Komoren
83%
Kuba
83%
Kuwait
83%
Lesotho
83%
Libyen
83%
Litauen
83%
Madagaskar
83%
Malawi
83%
Montenegro
83%
Nauru
83%
Nicaragua
83%
Paraguay
83%
Samoa
83%
Senegal
83%
Sri Lanka
83%
St. Lucia
83%
Syrien
83%
Taiwan
83%
Tonga
83%
Usbekistan
83%
Vereinigte Arabische Emirate
83%
Antigua und Barbuda
75%
Dominica
75%
Dschibuti
75%
El Salvador
75%
Gambia
75%
Myanmar
75%
Peru
75%
Philippinen
75%
Ruanda
75%
Sambia
75%
Tansania
75%
Togo
75%
Trinidad und Tobago
75%
Vanuatu
75%
Osttimor
67%
São Tomé und Príncipe
67%
St. Vincent und die Grenadinen
67%
Republik Kongo
58%
Salomonen
58%
St. Kitts und Nevis
58%
Suriname
58%
Keine übereinstimmenden Quizze gefunden
Verteilung der Resultate
Anzahl Personen mit jedem Resultat
Perzentil nach korrekt beantworteten Fragen
Ihre Resultats-Entwicklung
Sie haben dieses Quiz noch nicht gespielt